| LEADER 01174nam 2200277 a 4500 |
| 001 12334104366 |
| 003 ULIB |
| 008 030417s2550 th a sb 001 0 tha |
| 020 ^a9789741377411
|
| 060 4 ^aWG100^bห515 2551
|
| 245 00 ^a5 โรคร้าย คร่าชีวิตคนไทย :^bอันดับ 2 โรคหัวใจ /^cกองบรรณาธิการใกล้หมอ, เรียบเรียง ; เอื้อมพร สกุลแก้ว, บรรณาธิการ
|
| 246 30 ^aโรคหัวใจ
|
| 250 ^aพิมพ์ครั้งแรก
|
| 260 ^aกรุงเทพฯ :^bใกล้หมอ,^c2551
|
| 300 ^a105 หน้า
|
| 650 7 ^aโรคหัวใจ
|
| 700 0 ^aเอื้อมพร สกุลแก้ว,^eบรรณาธิการ
|
| 710 2 กองบรรณาธิการใกล้หมอ
|
| 913 ^aImported by ULIBM Administrator
|
| 949 ^aImport form external file by ULIBM system
|
| 999 ^aสุณิสา
|